000 00482cam a2200169ua 4500
001 5839
005 20260515113937.0
008 131024n ii |||gr||||Z||||||eng
040 _cMAIN
082 _a954.031
245 1 1 _aAdministration of East India Company in India
_cBy Farid Uddin Ahmed
260 _aGuwahati:
_bPurbanchal Prakash,
_c2011.
653 _aHistory
653 _aAdministration of East India Company in India
700 1 _aAhmed,Farid Uddin,
_eAuthor.
942 _cBK
999 _c4988
_d4988